| 000 | 00822cam a2200241 4500 | ||
|---|---|---|---|
| 001 | ABS64614 | ||
| 008 | 011030n2001 000 0 eng u | ||
| 035 | _a(Sirsi) u115399 | ||
| 245 | _aSpecial report 2001: auctions | ||
| 260 | _c2001 | ||
| 490 |
_aEstates Gazette _v(0143) 27 October 2001, 139-155(7) |
||
| 520 | _aSpecial report on the auctions market. Looks at Allsop & Co's decision to charge a £150 residential buyer's fee; auction market forecasts; the impact of the US terrorist attacks; charity auctions; and internet auctions. | ||
| 590 | _aABS | ||
| 650 | _aUNITED STATES | ||
| 650 | _aTERRORISM | ||
| 650 | _aFEES | ||
| 650 | _aCONSTRUCTION FORECASTS | ||
| 650 | _aINTERNET AUCTIONS | ||
| 650 | _aCHARITY AUCTIONS | ||
| 650 | _aAUCTION MARKET | ||
| 690 |
_aAuctioneering _96218 |
||
| 942 | _n0 | ||
| 999 |
_c68721 _d68721 |
||